[Event "EYCC 2024 - G16"]
[Site "?"]
[Date "2024.08.25"]
[Round "4.16"]
[White "Wojs, Alicja"]
[Black "Sikorova, Jana"]
[Result "1/2-1/2"]
[BlackElo "1790"]
[WhiteElo "1953"]
[LiveChessVersion "1.4.8"]

1. e4 {[%clk 1:30:59]} c5 {[%clk 1:30:52]} 2. Nf3 {[%clk 1:31:24]} e6
{[%clk 1:31:12]} 3. d4 {[%clk 1:31:46]} cxd4 {[%clk 1:31:38]} 4. Nxd4
{[%clk 1:32:10]} a6 {[%clk 1:32:02]} 5. Bd3 {[%clk 1:31:43]} Bc5 {[%clk 1:32:20]}
6. Nb3 {[%clk 1:31:52]} Be7 {[%clk 1:32:43]} 7. Qe2 {[%clk 1:31:23]} d6
{[%clk 1:32:31]} 8. O-O {[%clk 1:31:43]} Nd7 {[%clk 1:31:22]} 9. f4
{[%clk 1:28:20]} Qc7 {[%clk 1:29:40]} 10. c4 {[%clk 1:24:46]} b6 {[%clk 1:27:02]}
11. Nc3 {[%clk 1:24:19]} Ngf6 {[%clk 1:26:35]} 12. Bd2 {[%clk 1:23:44]} Bb7
{[%clk 1:25:56]} 13. Rae1 {[%clk 1:21:54]} h5 {[%clk 1:21:01]} 14. h3
{[%clk 1:12:32]} Nc5 {[%clk 1:18:28]} 15. Nxc5 {[%clk 1:11:53]} Qxc5+
{[%clk 1:17:23]} 16. Be3 {[%clk 1:11:51]} Qc7 {[%clk 1:15:10]} 17. Bd4
{[%clk 1:09:14]} e5 {[%clk 1:06:51]} 18. Be3 {[%clk 1:08:35]} Nd7
{[%clk 0:59:42]} 19. Nd5 {[%clk 1:05:12]} Bxd5 {[%clk 0:58:23]} 20. exd5
{[%clk 1:05:00]} Bh4 {[%clk 0:55:44]} 21. Rc1 {[%clk 1:04:44]} Nc5
{[%clk 0:55:11]} 22. Bc2 {[%clk 1:04:20]} Bg3 {[%clk 0:50:50]} 23. b4
{[%clk 1:00:39]} Nd7 {[%clk 0:49:56]} 24. Ba4 {[%clk 0:59:21]} Rb8
{[%clk 0:45:33]} 25. fxe5 {[%clk 0:52:13]} Bxe5 {[%clk 0:43:32]} 26. Qf3
{[%clk 0:50:58]} O-O {[%clk 0:39:03]} 27. Qxh5 {[%clk 0:48:17]} g6
{[%clk 0:36:31]} 28. Qg4 {[%clk 0:45:30]} Nf6 {[%clk 0:35:26]} 29. Qh4
{[%clk 0:44:38]} Nh5 {[%clk 0:34:41]} 30. Qg4 {[%clk 0:37:37]} Nf6
{[%clk 0:33:51]} 31. Qf3 {[%clk 0:37:24]} Rfc8 {[%clk 0:29:09]} 32. Bc6
{[%clk 0:33:51]} Nh5 {[%clk 0:27:21]} 33. Rf2 {[%clk 0:29:29]} Ng3
{[%clk 0:26:02]} 34. Qg4 {[%clk 0:25:33]} Qe7 {[%clk 0:24:33]} 35. Bg5
{[%clk 0:24:03]} Qf8 {[%clk 0:23:35]} 36. Bh4 {[%clk 0:23:44]} Nh5
{[%clk 0:22:40]} 37. Rcf1 {[%clk 0:22:43]} Rc7 {[%clk 0:22:32]} 38. Rf3
{[%clk 0:21:07]} Qg7 {[%clk 0:21:55]} 39. Bf2 {[%clk 0:19:30]} Nf6
{[%clk 0:20:30]} 40. Qg5 {[%clk 0:19:12]} Ne4 {[%clk 0:20:29]} 41. Qc1
{[%clk 0:19:11]} Nxf2 {[%clk 0:20:36]} 42. Kxf2 {[%clk 0:15:44]} Bd4+
{[%clk 0:20:45]} 43. Ke2 {[%clk 0:16:10]} Re7+ {[%clk 0:19:54]} 44. Kd1
{[%clk 0:16:34]} Qe5 {[%clk 0:19:24]} 45. Qc2 {[%clk 0:10:11]} Be3
{[%clk 0:17:39]} 46. Qb3 {[%clk 0:07:26]} Qd4+ {[%clk 0:14:24]} 47. Kc2
{[%clk 0:07:52]} Qd2+ {[%clk 0:14:13]} 48. Kb1 {[%clk 0:08:22]} Bg5
{[%clk 0:12:59]} 49. Qb2 {[%clk 0:06:46]} Re1+ {[%clk 0:10:34]} 50. Rxe1
{[%clk 0:07:15]} Qxe1+ {[%clk 0:10:55]} 51. Kc2 {[%clk 0:07:44]} a5
{[%clk 0:08:33]} 52. bxa5 {[%clk 0:06:27]} Qd2+ {[%clk 0:08:04]} 53. Kb3
{[%clk 0:06:47]} bxa5+ {[%clk 0:08:27]} 54. Bb5 {[%clk 0:07:16]} Qb4+
{[%clk 0:04:02]} 55. Kc2 {[%clk 0:07:40]} Qd2+ 1/2-1/2